| 000 | 00689cab a22002055a 4500 | ||
|---|---|---|---|
| 001 | L149674 | ||
| 008 | 100407e20100326xxk 000 0 eng d | ||
| 035 | _a(Sirsi) u149674 | ||
| 041 | 0 | _aeng | |
| 100 | 1 | _aHadwick, Geoff | |
| 245 | 0 | 0 | _aFocus North West industrial |
| 260 | _c2010 | ||
| 490 |
_aEstates Gazette _v(1012) 27 March 2010, 79-87(8) |
||
| 520 | _aCase study Kingsway Business Park. Business strategies adopted by three industrial developers to survive recession. Take up, availability and rents. | ||
| 590 | _aKA | ||
| 651 | 4 |
_aNorth West (England) _y1994- |
|
| 690 | _aPROPERTY-COMMERCIAL PROPERTY-COMMERCIAL PROPERTY MARKET | ||
| 700 | 1 | _aSmith, Melanie | |
| 942 | _n0 | ||
| 999 |
_c82247 _d82247 |
||